[Event "34. Copenhagen Open (Politiken Cup)"]
[Site "Elsinore"]
[Date "2012.08.05"]
[Round "10"]
[White "Hansen, Mads"]
[Black "Brorsen, Jacob Abildlund"]
[Result "1-0"]
[WhiteElo "2341"]
[BlackElo "2121"]
[PlyCount "83"]
[EventDate "2012.07.28"]
[EventType "swiss"]
[EventRounds "10"]
[EventCountry "DEN"]
[Source "ChessBase"]
[SourceDate "2012.08.24"]

1. e4 g6 2. d4 Bg7 3. Nf3 d6 4. Bc4 a6 5. a4 b6 6. O-O Bb7 7. Nbd2 e6 8. Bb3
Nd7 9. Re1 h6 10. Nf1 Ne7 11. Ng3 c5 12. c3 Rc8 13. Be3 Rc7 14. Qd2 Qa8 15.
Rad1 Nf6 16. Bc2 Rd7 17. a5 b5 18. e5 dxe5 19. Nxe5 Rd8 20. Qe2 cxd4 21. Bxd4
O-O 22. f3 Nc6 23. Nxc6 Bxc6 24. Nh1 Rd5 25. Nf2 Rg5 26. Kh1 Nh5 27. Nh3 Rd5
28. Be4 Rd7 29. Bxg7 Rxd1 30. Rxd1 Kxg7 31. Rd6 Bb7 32. Nf2 Bxe4 33. Qxe4 Qa7
34. Qe5+ Kh7 35. Ne4 Rc8 36. g4 Ng7 37. Nf6+ Kh8 38. Qf4 g5 39. Qe4 Nf5 40.
gxf5 Qf2 41. Rd1 Rc4 42. Ng4 1-0

[Event "34. Copenhagen Open (Politiken Cup)"]
[Site "Elsinore"]
[Date "2012.08.05"]
[Round "10"]
[White "Hansen, Morten Moller"]
[Black "Larsen, Ulrik Jejlskov"]
[Result "1-0"]
[WhiteElo "2095"]
[BlackElo "2010"]
[PlyCount "43"]
[EventDate "2012.07.28"]
[EventType "swiss"]
[EventRounds "10"]
[EventCountry "DEN"]
[Source "ChessBase"]
[SourceDate "2012.08.24"]

1. d4 d5 2. Nf3 Nf6 3. c4 e6 4. Nc3 c5 5. cxd5 exd5 6. Bg5 Be7 7. e3 cxd4 8.
Nxd4 O-O 9. Be2 Nc6 10. O-O Re8 11. Rc1 a6 12. a3 Ne5 13. Qb3 Ng6 14. Rfd1 Ng4
15. Bxe7 Nxe7 16. h3 Nf6 17. Bf3 Qd6 18. Na4 Nd7 19. Ne2 b5 20. Nac3 Nc5 21.
Qb4 Nc6 22. Nxb5 1-0

[Event "34. Copenhagen Open (Politiken Cup)"]
[Site "Elsinore"]
[Date "2012.08.05"]
[Round "10"]
[White "Hansen, Rasmus Agertoft"]
[Black "Carnstam, Tomas"]
[Result "0-1"]
[WhiteElo "1946"]
[BlackElo "2060"]
[PlyCount "84"]
[EventDate "2012.07.28"]
[EventType "swiss"]
[EventRounds "10"]
[EventCountry "DEN"]
[Source "ChessBase"]
[SourceDate "2012.08.24"]

1. d4 c5 2. d5 e5 3. c4 d6 4. Nc3 f5 5. e3 Na6 6. Nge2 Nf6 7. Ng3 Nc7 8. Bd3 g6
9. O-O Bg7 10. a3 e4 11. Bc2 Ng4 12. Ba4+ Kf7 13. f3 exf3 14. Qxf3 Qh4 15. h3
Ne5 16. Qf2 Nxc4 17. Bb3 Ne5 18. Nce4 Rd8 19. Qe2 Kg8 20. Rf4 Qh6 21. Nxc5 dxc5
22. d6+ Ne6 23. e4 Rxd6 24. Rg4 Nxg4 25. Bxh6 Bd4+ 26. Kh1 Nxh6 27. exf5 Nxf5
28. Nxf5 gxf5 29. Rf1 Bd7 30. Rxf5 Rf8 31. Qg4+ Bg7 32. Rg5 Kh8 33. Rh5 Nd4 34.
Qe4 Bf5 35. Qxb7 Nxb3 36. Qxb3 Be6 37. Qa4 c4 38. Qc2 Bg8 39. Rg5 Rd5 40. Rxd5
Bxd5 41. Qe2 Rb8 42. Qd2 Bg8 0-1

[Event "34. Copenhagen Open (Politiken Cup)"]
[Site "Elsinore"]
[Date "2012.08.05"]
[Round "10"]
[White "Hansen, Tommy"]
[Black "Hojgaard, Brandur"]
[Result "1-0"]
[WhiteElo "1856"]
[BlackElo "1686"]
[PlyCount "55"]
[EventDate "2012.07.28"]
[EventType "swiss"]
[EventRounds "10"]
[EventCountry "DEN"]
[Source "ChessBase"]
[SourceDate "2012.08.24"]

1. d4 d5 2. Nc3 Nf6 3. Bg5 e6 4. e4 dxe4 5. Nxe4 Be7 6. Bxf6 Bxf6 7. Nf3 c6 8.
Qd2 Nd7 9. Nd6+ Kf8 10. c3 Be7 11. Ne4 Nf6 12. Bd3 b6 13. h4 Bb7 14. Nxf6 Bxf6
15. Be4 Qc7 16. g4 Rd8 17. O-O-O c5 18. Bxb7 Qxb7 19. Qf4 cxd4 20. g5 Be7 21.
Nxd4 Bd6 22. Qe3 g6 23. Nb5 Ke7 24. Qd4 e5 25. Rhe1 Bb8 26. Rxe5+ Bxe5 27.
Qxe5+ Kf8 28. Rxd8# 1-0

[Event "34. Copenhagen Open (Politiken Cup)"]
[Site "Elsinore"]
[Date "2012.08.05"]
[Round "10"]
[White "Hansen, Verner"]
[Black "Bratholm, Palle"]
[Result "1/2-1/2"]
[WhiteElo "1878"]
[BlackElo "2088"]
[PlyCount "108"]
[EventDate "2012.07.28"]
[EventType "swiss"]
[EventRounds "10"]
[EventCountry "DEN"]
[Source "ChessBase"]
[SourceDate "2012.08.24"]

1. e4 e5 2. Nf3 Nf6 3. Bc4 Nxe4 4. d3 Nf6 5. Nxe5 d5 6. Bb3 Bd6 7. d4 h6 8. O-O
O-O 9. Nc3 c6 10. Re1 Bf5 11. Bf4 Qc7 12. Qd2 Nbd7 13. h3 Rfe8 14. Nxd7 Qxd7
15. Bxd6 Qxd6 16. Rxe8+ Rxe8 17. Re1 Ne4 18. Nxe4 Rxe4 19. Rxe4 Bxe4 20. c3 Qg6
21. f4 Qg3 22. Bd1 g5 23. fxg5 hxg5 24. Bg4 f6 25. Qf2 Qxf2+ 26. Kxf2 f5 27.
Be2 a5 28. b4 b6 29. b5 cxb5 30. Bxb5 f4 31. g3 fxg3+ 32. Kxg3 Bf5 33. h4 gxh4+
34. Kxh4 Kf7 35. Kg5 Bb1 36. a3 Ke6 37. Kf4 Ba2 38. Ke3 Bb3 39. Kd3 Kd6 40. c4
dxc4+ 41. Bxc4 Ba4 42. Kc3 Bc6 43. Bf7 b5 44. Bh5 Bd7 45. Bf3 Be6 46. Be2 Kc6
47. Bf3+ Bd5 48. Be2 Kb6 49. Bf1 Bc6 50. Bd3 Kc7 51. Be2 Kd6 52. Bf1 Kc7 53.
Be2 Kd6 54. Bf1 Bd7 1/2-1/2

[Event "34. Copenhagen Open (Politiken Cup)"]
[Site "Elsinore"]
[Date "2012.08.05"]
[Round "10"]
[White "Haubro, Martin"]
[Black "Stray, Gunnar"]
[Result "1-0"]
[WhiteElo "2148"]
[BlackElo "2035"]
[PlyCount "45"]
[EventDate "2012.07.28"]
[EventType "swiss"]
[EventRounds "10"]
[EventCountry "DEN"]
[Source "ChessBase"]
[SourceDate "2012.08.24"]

1. e4 c5 2. Nf3 e6 3. c3 Nf6 4. e5 Nd5 5. d4 Nc6 6. Bc4 cxd4 7. cxd4 d6 8. O-O
dxe5 9. dxe5 Be7 10. Qe2 Nb6 11. Bb3 Qc7 12. Nc3 a6 13. Re1 Bd7 14. Bf4 Na5 15.
Bc2 Rc8 16. Rac1 Qb8 17. Ng5 h5 18. Qf3 Bxg5 19. Bxg5 Rc4 20. Ne4 Bc6 21. Qg3
Kf8 22. Qa3+ Kg8 23. Qxa5 1-0

[Event "34. Copenhagen Open (Politiken Cup)"]
[Site "Elsinore"]
[Date "2012.08.05"]
[Round "10"]
[White "Haugsdal, Arn Tore"]
[Black "Rorvik, Jon Fredrik"]
[Result "0-1"]
[WhiteElo "2068"]
[BlackElo "2149"]
[PlyCount "54"]
[EventDate "2012.07.28"]
[EventType "swiss"]
[EventRounds "10"]
[EventCountry "DEN"]
[Source "ChessBase"]
[SourceDate "2012.08.24"]

1. e4 e5 2. Nf3 Nc6 3. Bc4 Bc5 4. b4 Bxb4 5. c3 Ba5 6. d4 d6 7. Qb3 Qd7 8. dxe5
dxe5 9. O-O Bb6 10. Rd1 Qe7 11. Ba3 Qf6 12. Nbd2 Nge7 13. Nf1 O-O 14. Ne3 Na5
15. Qb5 Nxc4 16. Nxc4 Be6 17. Ncxe5 Rfd8 18. Nc4 Ng6 19. Nxb6 axb6 20. Bb2 Rxa2
21. Nd4 Rxa1 22. Rxa1 h6 23. f3 Ne5 24. Nxe6 Qxe6 25. Re1 Rd2 26. Re2 c6 27.
Qxe5 Rd1+ 0-1

[Event "34. Copenhagen Open (Politiken Cup)"]
[Site "Elsinore"]
[Date "2012.08.05"]
[Round "10"]
[White "Hinrichs, Jan"]
[Black "Petersen, Steen"]
[Result "1-0"]
[WhiteElo "2008"]
[BlackElo "2129"]
[PlyCount "65"]
[EventDate "2012.07.28"]
[EventType "swiss"]
[EventRounds "10"]
[EventCountry "DEN"]
[Source "ChessBase"]
[SourceDate "2012.08.24"]

1. e4 e5 2. f4 Bc5 3. Nf3 d6 4. Bc4 Nc6 5. c3 Nf6 6. d4 exd4 7. cxd4 Bb4+ 8.
Bd2 Bxd2+ 9. Nbxd2 d5 10. exd5 Nxd5 11. Qe2+ Nce7 12. Bxd5 Qxd5 13. Rc1 Qe6 14.
Qxe6 Bxe6 15. Rxc7 b6 16. Ng5 Bd5 17. O-O Kd8 18. Rfc1 Rc8 19. Rxc8+ Nxc8 20.
Nge4 Re8 21. Rxc8+ Kxc8 22. Nd6+ Kd7 23. Nxe8 Kxe8 24. a3 Ke7 25. Kf2 Ke6 26.
g4 h5 27. f5+ Kf6 28. Kg3 g5 29. fxg6 fxg6 30. h4 Bc6 31. Nf1 Bb5 32. Ne3 Bd3
33. Nd5+ 1-0

[Event "34. Copenhagen Open (Politiken Cup)"]
[Site "Elsinore"]
[Date "2012.08.05"]
[Round "10"]
[White "Hinrichs, Lars"]
[Black "Elenius, Erik"]
[Result "1/2-1/2"]
[WhiteElo "1877"]
[BlackElo "2069"]
[PlyCount "38"]
[EventDate "2012.07.28"]
[EventType "swiss"]
[EventRounds "10"]
[EventCountry "DEN"]
[Source "ChessBase"]
[SourceDate "2012.08.24"]

1. e4 d6 2. d4 Nf6 3. Nc3 g6 4. Be2 Bg7 5. Be3 O-O 6. f4 Nc6 7. Qd2 e5 8. fxe5
dxe5 9. d5 Nd4 10. O-O-O Ng4 11. Bxg4 Bxg4 12. Nge2 c6 13. dxc6 bxc6 14. h3
Nxe2+ 15. Nxe2 Qxd2+ 16. Rxd2 Be6 17. Rhd1 Rfc8 18. Kb1 f6 19. Nc3 Bf8 1/2-1/2

[Event "34. Copenhagen Open (Politiken Cup)"]
[Site "Elsinore"]
[Date "2012.08.05"]
[Round "10"]
[White "Hobber, Anders"]
[Black "Rasmussen, Allan Stig"]
[Result "0-1"]
[WhiteElo "2244"]
[BlackElo "2496"]
[PlyCount "78"]
[EventDate "2012.07.28"]
[EventType "swiss"]
[EventRounds "10"]
[EventCountry "DEN"]
[Source "ChessBase"]
[SourceDate "2012.08.24"]

1. d4 d5 2. Bf4 Nf6 3. e3 c5 4. Nc3 a6 5. dxc5 Qa5 6. Nf3 e6 7. a3 Qxc5 8. Bd3
Nc6 9. O-O Nh5 10. Bc7 b5 11. Ne5 g6 12. Nxc6 Qxc6 13. Be5 f6 14. Bg3 Nxg3 15.
hxg3 f5 16. g4 h5 17. gxf5 gxf5 18. Ne2 Ra7 19. Nd4 Qb6 20. a4 bxa4 21. Rxa4
Bd7 22. Ra2 e5 23. Nb3 Qg6 24. f4 d4 25. exd4 e4 26. Qe2 h4 27. Rxa6 Rxa6 28.
Bxa6 h3 29. g4 Rh4 30. g5 Rxf4 31. Rxf4 Qxg5+ 32. Rg4 Qxg4+ 33. Qxg4 fxg4 34.
Bb7 g3 35. Bxe4 Bh6 36. c3 Bb5 37. Nc5 Be3+ 38. Kh1 Bf1 39. Bg2 hxg2# 0-1

[Event "34. Copenhagen Open (Politiken Cup)"]
[Site "Elsinore"]
[Date "2012.08.05"]
[Round "10"]
[White "Hoel, Jorgen"]
[Black "Marder, Simon"]
[Result "1/2-1/2"]
[WhiteElo "1848"]
[BlackElo "2013"]
[PlyCount "39"]
[EventDate "2012.07.28"]
[EventType "swiss"]
[EventRounds "10"]
[EventCountry "DEN"]
[Source "ChessBase"]
[SourceDate "2012.08.24"]

1. c4 b6 2. Nc3 Bb7 3. e4 e6 4. g3 h5 5. Bg2 h4 6. a3 g6 7. d3 Bg7 8. Nh3 hxg3
9. hxg3 Nc6 10. Bg5 Bxc3+ 11. bxc3 f6 12. Be3 Qe7 13. a4 e5 14. O-O Qe6 15. g4
g5 16. c5 bxc5 17. Bxc5 d6 18. Be3 Nce7 19. c4 c5 20. f3 1/2-1/2

[Event "34. Copenhagen Open (Politiken Cup)"]
[Site "Elsinore"]
[Date "2012.08.05"]
[Round "10"]
[White "Hyldkrog, Lars"]
[Black "Andersen, Daniel"]
[Result "0-1"]
[WhiteElo "2041"]
[BlackElo "1870"]
[PlyCount "98"]
[EventDate "2012.07.28"]
[EventType "swiss"]
[EventRounds "10"]
[EventCountry "DEN"]
[Source "ChessBase"]
[SourceDate "2012.08.24"]

1. e4 e6 2. d4 d5 3. e5 c5 4. c3 Nc6 5. Nf3 Bd7 6. Bd3 cxd4 7. cxd4 Qb6 8. O-O
Nxd4 9. Nxd4 Qxd4 10. Nc3 Qxe5 11. Nb5 a6 12. Re1 Qb8 13. Nc3 Nf6 14. Qf3 Be7
15. Bf4 Qd8 16. Be5 O-O 17. Qh3 h6 18. Re3 Nh7 19. Rg3 Bf6 20. Bf4 e5 21. Qxh6
e4 22. Nxe4 Kh8 23. Qh5 dxe4 24. Bxe4 g6 25. Qf3 Qb6 26. Rd1 Be6 27. Bxb7 Rad8
28. Rxd8 Rxd8 29. b3 Qxb7 30. h3 Qxf3 31. Rxf3 Rd1+ 32. Kh2 Kg7 33. Kg3 Ra1 34.
a4 Ra3 35. Be3 Rxb3 36. a5 Rd3 37. Bb6 Be5+ 38. Kh4 Rxf3 39. gxf3 f5 40. Bd8
Bf6+ 41. Bxf6+ Nxf6 42. f4 Ne4 43. f3 Nd2 44. Kg3 Nc4 45. h4 Nxa5 46. h5 gxh5
47. Kh4 Kh6 48. Kh3 Nb3 49. Kh4 a5 0-1

[Event "34. Copenhagen Open (Politiken Cup)"]
[Site "Elsinore"]
[Date "2012.08.05"]
[Round "10"]
[White "Jensen, Hans Askov"]
[Black "Valembois, Pierre"]
[Result "1-0"]
[WhiteElo "1592"]
[BlackElo "1292"]
[PlyCount "53"]
[EventDate "2012.07.28"]
[EventType "swiss"]
[EventRounds "10"]
[EventCountry "DEN"]
[Source "ChessBase"]
[SourceDate "2012.08.24"]

1. e4 g5 2. d4 h6 3. Nc3 d6 4. Be3 Bg7 5. Bc4 c5 6. dxc5 Bxc3+ 7. bxc3 Nf6 8.
f3 Qc7 9. Bd4 Nbd7 10. Bb5 O-O 11. cxd6 exd6 12. Ne2 a6 13. Ba4 Nb6 14. Bb3 Nh5
15. Qd3 Be6 16. O-O Rae8 17. f4 f6 18. f5 Bxb3 19. cxb3 Nd7 20. Rf3 d5 21. exd5
Re5 22. Rh3 Nc5 23. Qf3 Rxe2 24. Qxh5 Qe7 25. Qg6+ Kh8 26. Rxh6+ Qh7 27. Qxh7#
1-0

[Event "34. Copenhagen Open (Politiken Cup)"]
[Site "Elsinore"]
[Date "2012.08.05"]
[Round "10"]
[White "Jensen, Torben Brieghel"]
[Black "Pedersen, Carl Aage"]
[Result "0-1"]
[WhiteElo "1514"]
[BlackElo "1739"]
[PlyCount "26"]
[EventDate "2012.07.28"]
[EventType "swiss"]
[EventRounds "10"]
[EventCountry "DEN"]
[Source "ChessBase"]
[SourceDate "2012.08.24"]

1. e4 c5 2. Nf3 d6 3. d4 cxd4 4. Nxd4 Nf6 5. Nc3 g6 6. f4 Nc6 7. Nf3 Bg7 8. Bc4
O-O 9. O-O a6 10. e5 Qb6+ 11. Kh1 Ng4 12. Qe2 dxe5 13. h3 Nh6 0-1

[Event "34. Copenhagen Open (Politiken Cup)"]
[Site "Elsinore"]
[Date "2012.08.05"]
[Round "10"]
[White "Joensen, Tor Kristian"]
[Black "Karlsson, Robin"]
[Result "0-1"]
[WhiteElo "1683"]
[BlackElo "1978"]
[PlyCount "56"]
[EventDate "2012.07.28"]
[EventType "swiss"]
[EventRounds "10"]
[EventCountry "DEN"]
[Source "ChessBase"]
[SourceDate "2012.08.24"]

1. e4 c5 2. Nc3 Nc6 3. g3 g6 4. Bg2 Bg7 5. d3 d6 6. Nge2 e5 7. O-O Nge7 8. Be3
O-O 9. f4 Rb8 10. h3 b5 11. Rb1 b4 12. Nd5 Nxd5 13. exd5 Nd4 14. g4 Nxe2+ 15.
Qxe2 f5 16. g5 Re8 17. Qd2 a5 18. h4 Ba6 19. Rf3 c4 20. dxc4 Bxc4 21. b3 Ba6
22. fxe5 Rxe5 23. Rf4 Qe7 24. Re1 Re8 25. Kf2 Qc7 26. Bf3 R5e7 27. Rd4 f4 28.
Rxf4 Bc3 0-1

[Event "34. Copenhagen Open (Politiken Cup)"]
[Site "Elsinore"]
[Date "2012.08.05"]
[Round "10"]
[White "Johansen, Kai Roger"]
[Black "Schmidt, Horst Hubert"]
[Result "1-0"]
[WhiteElo "2016"]
[BlackElo "1854"]
[PlyCount "89"]
[EventDate "2012.07.28"]
[EventType "swiss"]
[EventRounds "10"]
[EventCountry "DEN"]
[Source "ChessBase"]
[SourceDate "2012.08.24"]

1. c4 e5 2. Nc3 Nc6 3. Nf3 d6 4. d4 Bg4 5. d5 Nce7 6. e3 Nf6 7. Be2 h6 8. Qb3
Nd7 9. Qa4 c6 10. dxc6 bxc6 11. O-O Nc5 12. Qd1 Ng6 13. b4 Ne6 14. Qa4 Qc7 15.
h3 Bxf3 16. Bxf3 Rc8 17. Rd1 Be7 18. Nd5 Qd7 19. Nxe7 Nxe7 20. Bb2 Qc7 21. Rd2
O-O 22. Rad1 Rfd8 23. g3 f5 24. h4 Ng6 25. b5 Nc5 26. Qc2 e4 27. Be2 Qe7 28.
bxc6 Rxc6 29. Ba3 Ne5 30. Rd5 Ncd3 31. Bxd3 exd3 32. Qb3 Rxc4 33. Rxe5 Qc7 34.
Rxf5 d5 35. Rxd3 Rb8 36. Qd1 Rc2 37. Rfxd5 Rxa2 38. Rd8+ Kh7 39. Rxb8 Qxb8 40.
Rd8 Ra1 41. Qxa1 Qxd8 42. Bb2 Qc7 43. Bd4 a5 44. Qb1+ Kg8 45. Bb6 1-0

[Event "34. Copenhagen Open (Politiken Cup)"]
[Site "Elsinore"]
[Date "2012.08.05"]
[Round "10"]
[White "Jorgensen, Dennis"]
[Black "Rydstrom, Tom"]
[Result "0-1"]
[WhiteElo "2231"]
[BlackElo "2046"]
[PlyCount "78"]
[EventDate "2012.07.28"]
[EventType "swiss"]
[EventRounds "10"]
[EventCountry "DEN"]
[Source "ChessBase"]
[SourceDate "2012.08.24"]

1. d4 d5 2. c4 e6 3. Nf3 Nf6 4. g3 Bb4+ 5. Bd2 Be7 6. Bg2 O-O 7. O-O c6 8. Qc2
b6 9. Rd1 Nbd7 10. b3 Bb7 11. Nc3 Rc8 12. Qb2 c5 13. cxd5 Nxd5 14. Rac1 N7f6
15. Nxd5 Bxd5 16. dxc5 Bxc5 17. b4 Be7 18. Bc3 Qe8 19. b5 Rc5 20. a4 Qa8 21.
Bd4 Rcc8 22. Rxc8 Rxc8 23. Rc1 Ne8 24. Rc3 f6 25. Bh3 Nd6 26. Nd2 Rxc3 27. Qxc3
e5 28. Be3 Qb7 29. f3 a6 30. Qd3 axb5 31. axb5 Bf7 32. Kf2 Qc7 33. Qb1 g6 34.
Ne4 Nc4 35. Qc2 Qd8 36. Bc1 f5 37. Nc3 Bc5+ 38. Kg2 Qd4 39. e3 Qxe3 0-1

[Event "34. Copenhagen Open (Politiken Cup)"]
[Site "Elsinore"]
[Date "2012.08.05"]
[Round "10"]
[White "Karlsson, Ulf"]
[Black "Kyrkjebo, Eirik"]
[Result "1/2-1/2"]
[WhiteElo "2012"]
[BlackElo "1724"]
[PlyCount "59"]
[EventDate "2012.07.28"]
[EventType "swiss"]
[EventRounds "10"]
[EventCountry "DEN"]
[Source "ChessBase"]
[SourceDate "2012.08.24"]

1. Nc3 d5 2. e4 d4 3. Nce2 e5 4. d3 Bd6 5. g3 Bg4 6. h3 Bh5 7. Bg2 Nf6 8. f4
Bxe2 9. Nxe2 Nc6 10. f5 Qe7 11. Bd2 O-O-O 12. g4 h6 13. a3 g6 14. Ng3 Nd7 15.
Qf3 g5 16. O-O f6 17. Nh5 Kb8 18. b4 a6 19. Rfb1 Nb6 20. b5 axb5 21. Rxb5 Na4
22. Qf1 Nc3 23. Bxc3 dxc3 24. Rb3 Bc5+ 25. Kh1 Bd4 26. Qb1 b6 27. a4 Kc8 28.
Rb5 Bc5 29. Rb3 Bd4 30. Qa2 1/2-1/2

[Event "34. Copenhagen Open (Politiken Cup)"]
[Site "Elsinore"]
[Date "2012.08.05"]
[Round "10"]
[White "Kyrkjebo, Hanna Bakken"]
[Black "Ulrich, Thomas2"]
[Result "0-1"]
[WhiteElo "1536"]
[BlackElo "1975"]
[PlyCount "278"]
[EventDate "2012.07.28"]
[EventType "swiss"]
[EventRounds "10"]
[EventCountry "DEN"]
[Source "ChessBase"]
[SourceDate "2012.08.24"]

1. e4 e5 2. Nf3 Nc6 3. Nc3 Nf6 4. Bb5 Nd4 5. Ba4 Bc5 6. d3 Qe7 7. O-O c6 8. h3
b5 9. Bb3 a5 10. a3 Nxb3 11. cxb3 h6 12. Re1 O-O 13. Be3 Bxe3 14. Rxe3 d6 15.
d4 Bb7 16. dxe5 dxe5 17. Qc2 Rfd8 18. Rd1 Rxd1+ 19. Qxd1 Rd8 20. Qc2 Qd6 21.
Re1 Qc5 22. Qe2 Nh5 23. Rd1 Rxd1+ 24. Qxd1 Qe7 25. Ne2 g6 26. Qd2 Kg7 27. Qxa5
Qd6 28. Qd2 Qe6 29. Qc3 f6 30. a4 g5 31. g4 Nf4 32. Nxf4 exf4 33. Qc2 c5 34.
Nd2 Qc6 35. f3 Qb6 36. Kg2 Ba6 37. Qc3 Qd6 38. Qc2 Qd4 39. Qc3 Qd6 40. Qc1 Qd3
41. Qd1 b4 42. Kh2 c4 43. bxc4 Bxc4 44. Qe1 Qe3 45. Qc1 Qf2+ 46. Kh1 Be2 47.
Qg1 Bxf3+ 48. Nxf3 Qxf3+ 49. Qg2 Qd1+ 50. Kh2 f3 51. Qf2 Qxa4 52. Qxf3 Qc2+ 53.
Qg2 b3 54. Kg3 Kf7 55. Kf3 Ke6 56. Qe2 Qc6 57. Ke3 Qc5+ 58. Kf3 Ke5 59. Qd3 Qd4
60. Qb5+ Kd6 61. Qxb3 Qg1 62. Qc2 Qh1+ 63. Qg2 Qd1+ 64. Kg3 Qe1+ 65. Kh2 Ke6
66. Qc2 Qf1 67. b4 Qf4+ 68. Kg1 Qg3+ 69. Qg2 Qe1+ 70. Kh2 Qxb4 71. Qf3 Qb8+ 72.
Kg2 Qb2+ 73. Kg3 Qe5+ 74. Kg2 Qc5 75. Kh2 Qc2+ 76. Kg3 Qc5 77. Kh2 Qe5+ 78. Kg2
Kd6 79. Qa3+ Qc5 80. Qf3 Qd4 81. Qf5 Qd2+ 82. Kg3 Qe3+ 83. Kg2 Qe2+ 84. Kg3
Qd3+ 85. Kg2 Qc2+ 86. Kg3 Qc3+ 87. Kg2 Qe5 88. Qf3 Kc5 89. Qd3 Qd4 90. Qc2+ Qc4
91. Qf2+ Qd4 92. Qc2+ Kb4 93. Kh1 Qc3 94. Qb1+ Ka3 95. Qf1 Kb2 96. Qf2+ Kb1 97.
Qb6+ Kc2 98. Qf2+ Kd1 99. Qf5 Qxh3+ 100. Kg1 Qg3+ 101. Kf1 Qh3+ 102. Kg1 Qe3+
103. Kf1 Qe2+ 104. Kg1 Qe1+ 105. Kg2 Qd2+ 106. Kf1 Qe2+ 107. Kg1 Kd2 108. Kh1
Qe1+ 109. Kg2 Qe2+ 110. Kh1 Kd3 111. Qd5+ Kc2 112. Qf5 Kd2 113. Kg1 Ke1 114.
Qa5+ Qd2 115. Qf5 Qe3+ 116. Kg2 Qe2+ 117. Kg1 Kd2 118. Qd5+ Ke3 119. Qf5 Qf3
120. Qc5+ Kf4 121. Qc7+ Kxg4 122. Qd7+ Kg3 123. Qd6+ Qf4 124. Qd3+ Kg4 125.
Qd7+ Kh4 126. Qd1 Qg4+ 127. Qxg4+ Kxg4 128. Kg2 h5 129. Kf2 Kf4 130. Kg2 Kxe4
131. Kg3 Ke3 132. Kg2 f5 133. Kg3 Ke2 134. Kg2 f4 135. Kh2 f3 136. Kg3 f2 137.
Kh2 f1=Q 138. Kg3 Qf2+ 139. Kh3 g4# 0-1

[Event "34. Copenhagen Open (Politiken Cup)"]
[Site "Elsinore"]
[Date "2012.08.05"]
[Round "10"]
[White "Kyrkjebo, Marte Bakken"]
[Black "Rasmussen, Morten(1956)"]
[Result "0-1"]
[WhiteElo "1632"]
[BlackElo "1893"]
[PlyCount "48"]
[EventDate "2012.07.28"]
[EventType "swiss"]
[EventRounds "10"]
[EventCountry "DEN"]
[Source "ChessBase"]
[SourceDate "2012.08.24"]

1. e4 c5 2. Nc3 a6 3. g3 b5 4. Bg2 Bb7 5. d3 e6 6. f4 d5 7. e5 h5 8. Nf3 Nh6 9.
O-O Nc6 10. Bd2 Nf5 11. Qe1 c4 12. Qe2 Bc5+ 13. Kh1 h4 14. Nxh4 Nxh4 15. gxh4
Qxh4 16. h3 Nd4 17. Qd1 Qg3 18. Be3 Qxe3 19. Qg4 Rh6 20. Rae1 Qd2 21. Qxg7 Rg6
22. Qh8+ Kd7 23. Re2 Qxe2 24. Nxe2 Rxh8 0-1

[Event "34. Copenhagen Open (Politiken Cup)"]
[Site "Elsinore"]
[Date "2012.08.05"]
[Round "10"]
[White "Larsen, Mikael"]
[Black "Jensen, John Klaus"]
[Result "1/2-1/2"]
[WhiteElo "2067"]
[BlackElo "1874"]
[PlyCount "70"]
[EventDate "2012.07.28"]
[EventType "swiss"]
[EventRounds "10"]
[EventCountry "DEN"]
[Source "ChessBase"]
[SourceDate "2012.08.24"]

1. Nf3 Nf6 2. d4 g6 3. c4 Bg7 4. Nc3 d5 5. cxd5 Nxd5 6. e4 Nxc3 7. bxc3 c5 8.
Rb1 cxd4 9. cxd4 Nc6 10. d5 Ne5 11. Bb5+ Bd7 12. O-O Nxf3+ 13. Qxf3 O-O 14. Bg5
Bxb5 15. Rxb5 Qd7 16. Rfb1 b6 17. a4 Rac8 18. a5 Rc3 19. Qd1 h6 20. Bd2 Rc5 21.
Rxc5 bxc5 22. Qc2 f5 23. Qxc5 fxe4 24. Be3 a6 25. Qc4 Kh7 26. Qxe4 Rd8 27. Rb6
Qxd5 28. Qxg6+ Kh8 29. h3 Qxa5 30. Bxh6 Qe1+ 31. Kh2 Be5+ 32. f4 Bd4 33. Rb1
Qf2 34. Qe4 Rg8 35. Bg5 Bf6 1/2-1/2

[Event "34. Copenhagen Open (Politiken Cup)"]
[Site "Elsinore"]
[Date "2012.08.05"]
[Round "10"]
[White "Leutwyler, Martin"]
[Black "Aabling Thomsen, Jakob"]
[Result "0-1"]
[WhiteElo "2190"]
[BlackElo "2331"]
[PlyCount "184"]
[EventDate "2012.07.28"]
[EventType "swiss"]
[EventRounds "10"]
[EventCountry "DEN"]
[Source "ChessBase"]
[SourceDate "2012.08.24"]

1. d4 g6 2. e4 d6 3. c4 Bg7 4. Nc3 e5 5. Nge2 Nc6 6. Be3 f5 7. exf5 Bxf5 8. d5
Nce7 9. Ng3 Nf6 10. Bd3 O-O 11. f3 Rf7 12. O-O h6 13. Nge4 Nh5 14. g3 Bh3 15.
Re1 b6 16. Nf2 Bd7 17. Ng4 Kh7 18. Rf1 Qc8 19. Qd2 Ng8 20. Qc2 Bf5 21. Nf2 Bxd3
22. Nxd3 Qd7 23. f4 exf4 24. Nxf4 Nxf4 25. Rxf4 Rxf4 26. Bxf4 Re8 27. Bd2 Qg4
28. Qd3 Nf6 29. Re1 Rxe1+ 30. Bxe1 Nd7 31. b3 Ne5 32. Qe2 Qf5 33. Nb5 Ng4 34.
Bc3 Bxc3 35. Nxc3 h5 36. Nb5 Ne5 37. Nxc7 h4 38. gxh4 Nf3+ 39. Kh1 Qb1+ 40. Kg2
Nxh4+ 41. Kh3 Nf5 42. Ne8 Qa1 43. Nc7 Qc3+ 44. Kg2 Nh4+ 45. Kf2 Qf6+ 46. Kg3
Qg5+ 47. Kf2 Qg2+ 48. Ke3 Qh3+ 49. Kd2 Nf3+ 50. Kc1 Qh6+ 51. Kd1 Qf4 52. Ne6
Qg4 53. h4 Qg1+ 54. Kc2 Nxh4 55. Nf8+ Kh6 56. Qe7 Qg3 57. Qh7+ Kg5 58. Ne6+ Kg4
59. Qxa7 Qf2+ 60. Kc3 Nf3 61. Kb4 g5 62. Kb5 Kh3 63. Qxb6 Qxa2 64. Qxd6 Qxb3+
65. Qb4 Qd3 66. Kb6 Qe3+ 67. c5 g4 68. Nf4+ Kg3 69. Nh5+ Kh4 70. Nf6 Nd4 71. d6
Qe5 72. Nd7 Qd5 73. Nb8 g3 74. c6 g2 75. Qe1+ Kh3 76. c7 Qxd6+ 77. Kb7 Qd5+ 78.
Ka7 Qc5+ 79. Kb7 Qb5+ 80. Ka7 Qc5+ 81. Kb7 Qd5+ 82. Ka7 Nb5+ 83. Kb6 Nxc7 84.
Qc3+ Kg4 85. Qg7+ Kf3 86. Qc3+ Ke2 87. Qc2+ Qd2 88. Qc4+ Kd1 89. Qg4+ Kc1 90.
Kxc7 Qa5+ 91. Kb7 Qb5+ 92. Ka8 Qd5+ 0-1

[Event "34. Copenhagen Open (Politiken Cup)"]
[Site "Elsinore"]
[Date "2012.08.05"]
[Round "10"]
[White "Lilja, Richard"]
[Black "Jensen, Ib"]
[Result "0-1"]
[WhiteElo "2136"]
[BlackElo "1986"]
[PlyCount "70"]
[EventDate "2012.07.28"]
[EventType "swiss"]
[EventRounds "10"]
[EventCountry "DEN"]
[Source "ChessBase"]
[SourceDate "2012.08.24"]

1. e4 Nc6 2. Nf3 Nf6 3. Nc3 d5 4. exd5 Nxd5 5. Bc4 e6 6. O-O Be7 7. d4 O-O 8.
Ne4 Nb6 9. Bd3 h6 10. c3 Bd7 11. Re1 Nd5 12. Bc2 f5 13. Ned2 Rf6 14. Nc4 Bd6
15. Nxd6 cxd6 16. Bb3 Qf8 17. Bxd5 exd5 18. Qb3 Re8 19. Bd2 Be6 20. Qxb7 Na5
21. Qa6 Nc4 22. Bf4 g5 23. Bc1 g4 24. Nd2 Bc8 25. Rxe8 Qxe8 26. Qxa7 f4 27. Qa8
Nb6 28. Qa7 Qe1+ 29. Nf1 g3 30. Be3 Qxa1 31. Qxb6 fxe3 32. hxg3 e2 33. Qd8+ Rf8
34. Qxd6 exf1=Q+ 35. Kh2 Qh1# 0-1